000
00343nam a22001337a 4500
005
20160323113024.0
008
070814s2008 nyua 001 0 eng
020
_a
9780071486392
020
_a
0071486399
041
0
_a
eng
080
_a
004
245
1
0
_a
Microsoft Exchange server 2007 :
_c
Nick Cavalancia.
942
_2
udc
_c
BK
999
_c
630
_d
630